000 00426nam a2200181Ia 4500
001 9484
005 20260306161721.0
008 260306t2005||||xx |||||||||||||| ||spa||
041 _aESP
082 _a379.158
_bP26
100 _aPiscoya Hermoza, Luis
_eAUT
245 0 _aCuánto saben nuestros maestros
260 _c2005
300 _a215 páginas :
_ccm.
650 _aGEN
654 _aCED
942 _cLIB
_dJUS
_fJUS
_2ddc
_n
999 _c9484
_d9484